| 000 | 00456nam a2200169Ia 4500 | ||
|---|---|---|---|
| 005 | 20250109001857.0 | ||
| 008 | 240331s9999 xx 000 0 und d | ||
| 020 | _a0195061586 | ||
| 082 |
_bIRE _22187 _a305.3 |
||
| 245 | 0 |
_aPersistent Inequalities: _bWomen and World Development |
|
| 260 |
_aNew York _aOxford _bOxford University Press _c1990 |
||
| 300 | _axi, 302 p., | ||
| 650 | _aWomen | ||
| 650 | _aDevelopment | ||
| 700 |
_aTinker, I _eedt |
||
| 942 | _cL | ||
| 999 |
_c1600 _d1600 |
||